00329nam a2200121Ia 45000010005000000080041000050820025000461000021000712450024000922600048001169010028001649990015001923965241024s9999 xx 000 0 und d aRD/861.44/P438m/2012 aAna Rosa Pérez 0aEl manatial de Rosa bRepública Dominicana, Santo Domingoc2012 a26/3/2015 12:16:31 p.m. c7871d7871